000 00594nam a22001937a 4500
003 OSt
008 260429b |||||||| |||| 00| 0 eng d
082 _a634.6
_bA23E
100 _aAftab, Mohammad Ahmar.
245 _aEffect of Zinc, Boron and Growth Regulators on Flowering, Fruiting and Maturity of Litchi (Litchi chinensis sonn,) /
_cby Mohammad Ahmar Aftab
260 _aSabour, Bhagalpur
_bBihar Agricultural College, RAU
_c1994
300 _a133p.
502 _bPh. D.
_d1994
650 _aHorticulture
650 _aLitchi
650 _aThesis
650 _aPh.D.
942 _2ddc
_cT
999 _c50267
_d50267